00239nam a2200109Ia 4500008004100000041001200041082001100053100001600064245003700080260000600117650000600123221030s9999 xx 000 0 und d aEnglish a105.23 aI. L. Kosow 0aCircuit Analysiscby I. L. Kosow c0 aB